| 000 | 00427nam a2200157Ia 4500 | ||
|---|---|---|---|
| 008 | 210716s1995 xx 000 0 und d | ||
| 020 | _a8170296390 | ||
| 041 | _aeng | ||
| 082 | _a005.268 SIMA | ||
| 100 | _aSimpson, Alan;Olson, Elizabeth. | ||
| 245 | _aAlan simpsons easy guide to windows 95. | ||
| 250 | _a1 | ||
| 260 |
_aNew Delhi _bBPB Publications _c1995 |
||
| 300 | _axxiv,262 | ||
| 650 | _aMicrosoft Windows(005.269) | ||
| 999 |
_c183114 _d183114 |
||